| 000 -LEADER |
| fixed length control field |
00752nam a22002657a 4500 |
| 001 - CONTROL NUMBER |
| control field |
22600 |
| 003 - CONTROL NUMBER IDENTIFIER |
| control field |
BD-DhUAP |
| 005 - DATE AND TIME OF LATEST TRANSACTION |
| control field |
20250308131148.0 |
| 008 - FIXED-LENGTH DATA ELEMENTS--GENERAL INFORMATION |
| fixed length control field |
250308b20222024ii ||||| |||| 001 0ceng d |
| 020 ## - INTERNATIONAL STANDARD BOOK NUMBER |
| International Standard Book Number |
9789388918428 |
| 040 ## - CATALOGING SOURCE |
| Original cataloging agency |
DLC |
| Transcribing agency |
DLC |
| Modifying agency |
BD-DhUAP |
| Language of cataloging |
eng |
| 082 00 - DEWEY DECIMAL CLASSIFICATION NUMBER |
| Classification number |
346.540436 MUL |
| Edition number |
23 |
| 110 1# - MAIN ENTRY--CORPORATE NAME |
| Corporate name or jurisdiction name as entry element |
India (Republic). |
| Form subheading |
Laws, statutes, etc. |
| 245 10 - TITLE STATEMENT |
| Title |
Mulla on the Transfer of property act, 1882. |
| 250 ## - EDITION STATEMENT |
| Edition statement |
Reprint 2024. |
| 260 ## - PUBLICATION, DISTRIBUTION, ETC. |
| Place of publication, distribution, etc. |
India : |
| Name of publisher, distributor, etc. |
Delhi Law House, |
| Date of publication, distribution, etc. |
2024. |
| 300 ## - PHYSICAL DESCRIPTION |
| Extent |
cci, 1408 p. |
| Dimensions |
25 cm. |
| 650 #0 - SUBJECT ADDED ENTRY--TOPICAL TERM |
| Topical term or geographic name entry element |
Transfer (Law) |
| Geographic subdivision |
India. |
| 700 1# - ADDED ENTRY--PERSONAL NAME |
| Personal name |
Mulla, |
| 700 1# - ADDED ENTRY--PERSONAL NAME |
| Personal name |
Bendale, Dr. Ujwala |
| 700 1# - ADDED ENTRY--PERSONAL NAME |
| Personal name |
Shaik, Dr. Rasheed |
| 740 0# - ADDED ENTRY--UNCONTROLLED RELATED/ANALYTICAL TITLE |
| Uncontrolled related/analytical title |
Transfer of property act. |
| 942 ## - ADDED ENTRY ELEMENTS (KOHA) |
| Source of classification or shelving scheme |
|
| Koha item type |
Book |